[Event "Champ FRA - Under 12"]
[Site "Europe Echecs"]
[Date "2020.07.08"]
[Round "6"]
[White "CrouzierSimon"]
[Black "SumarrivaPauliJ"]
[Result "0-1"]
[WhiteElo "1140"]
[BlackElo "1394"]
[PlyCount "46"]
[EventDate "2020.??.??"]

1. e4 e5 2. Nf3 Nc6 3. Bc4 Bc5 4. d3 d6 5. O-O Bg4 6. h3 Bh5 7. g4 Bg6 8. Ng5
h6 9. Nxf7 Bxf7 10. c3 Bxc4 11. dxc4 Nf6 12. h4 Nxe4 13. Qc2 Nf6 14. Qg6+ Kf8
15. g5 hxg5 16. hxg5 Nd7 17. Qf5+ Kg8 18. g6 Qe8 19. Bh6 Rxh6 20. Qg5 Rxg6 21.
Qxg6 Qxg6+ 22. Kh1 Kf7 23. Rg1 Rh8# {CrouzierSimon est échec et mat} 0-1

[Event "Champ FRA - Under 12"]
[Site "Europe Echecs"]
[Date "2020.07.08"]
[Round "6"]
[White "RakotomamonjyL"]
[Black "BalloyAlix"]
[Result "1-0"]
[WhiteElo "1310"]
[BlackElo "1130"]
[PlyCount "133"]
[EventDate "2020.??.??"]

1. e4 c5 2. Nf3 Nc6 3. d4 cxd4 4. Nxd4 e5 5. Nxc6 bxc6 6. Nc3 Nf6 7. Bg5 Be7 8.
Bd3 O-O 9. O-O d6 10. h3 Nd7 11. Be3 Nf6 12. f4 exf4 13. Bxf4 d5 14. e5 Nd7 15.
Qf3 Nc5 16. Qg3 g6 17. Bh6 Bh4 18. Qf3 f5 19. Bxf8 Qxf8 20. g3 Be7 21. Rae1 Qh6
22. Kh2 f4 23. g4 Nxd3 24. Qxd3 Bxg4 25. Rg1 Bf5 26. Qf3 Be4 27. Nxe4 dxe4 28.
Qxe4 Bc5 29. Qc4+ Kh8 30. Qxc5 Qh4 31. e6 Re8 32. Qxc6 Re7 33. Qd6 Re8 34. e7
f3 35. Rgf1 Qc4 36. Qe5+ Kg8 37. Qe6+ Qxe6 38. Rxe6 Kf7 39. Ree1 Rxe7 40. Rxe7+
Kxe7 41. Rxf3 Ke6 42. Rd3 Ke5 43. Kg3 h6 44. h4 g5 45. hxg5 hxg5 46. Kg4 Kf6
47. Rd5 Ke6 48. Rxg5 Kd6 49. Ra5 Kc6 50. b4 Kb6 51. Rc5 a6 52. c4 Kb7 53. Rh5
a5 54. Rxa5 Kb8 55. Rh5 Ka8 56. Rh6 Ka7 57. Kf5 Ka8 58. a3 Ka7 59. a4 Ka8 60.
b5 Ka7 61. c5 Ka8 62. Rh7 Kb8 63. Ke6 Ka8 64. Kd6 Kb8 65. Kc6 Ka8 66. Kb6 Kb8
67. Rh8# {BalloyAlix est échec et mat} 1-0

[Event "Champ FRA - Under 12"]
[Site "Europe Echecs"]
[Date "2020.07.08"]
[Round "6"]
[White "NoeMilan"]
[Black "LarioumlilWass"]
[Result "1-0"]
[WhiteElo "1110"]
[BlackElo "1295"]
[PlyCount "65"]
[EventDate "2020.??.??"]

1. d4 d5 2. Bf4 Nf6 3. e3 Nc6 4. c3 Bf5 5. Bd3 e6 6. Qe2 Bd6 7. Bg3 Ne4 8. Nd2
Nxg3 9. hxg3 Qd7 10. Ngf3 O-O-O 11. O-O-O f6 12. Bxf5 exf5 13. Qd3 a6 14. Nh4
g6 15. Nhf3 h5 16. Nh4 Rhg8 17. Nb3 Ne7 18. Nc5 Bxc5 19. dxc5 g5 20. Nf3 g4 21.
Nd4 Rh8 22. Rh4 c6 23. Rdh1 Ng6 24. Rxh5 Ne5 25. Qc2 Rxh5 26. Rxh5 Rg8 27. Nxf5
Qd8 28. Nd6+ Kc7 29. Rh7+ Nd7 30. Qb3 b5 31. Qa3 Kb8 32. Qxa6 Rh8 33. Qb7# {
LarioumlilWass est échec et mat} 1-0

[Event "Champ FRA - Under 12"]
[Site "Europe Echecs"]
[Date "2020.07.08"]
[Round "6"]
[White "BiondiAntonin"]
[Black "RoySuvrojita"]
[Result "1-0"]
[WhiteElo "1280"]
[BlackElo "1080"]
[PlyCount "105"]
[EventDate "2020.??.??"]

1. e4 e6 2. Nf3 d5 3. e5 c5 4. c3 Nc6 5. Bb5 Bd7 6. Bxc6 Bxc6 7. d4 cxd4 8.
cxd4 Ne7 9. Nc3 Nf5 10. O-O Be7 11. Bf4 Bh4 12. Qd2 f6 13. Rae1 Qd7 14. g3 Bg5
15. Bxg5 fxg5 16. Nxg5 O-O-O 17. b4 h6 18. Nf3 Bb5 19. Nxb5 Qxb5 20. Rc1+ Kb8
21. a3 Rc8 22. Rfd1 g5 23. Rxc8+ Rxc8 24. Rc1 Rxc1+ 25. Qxc1 g4 26. Ne1 Nxd4
27. Qxh6 Nf3+ 28. Nxf3 gxf3 29. Qf8+ Kc7 30. Qd6+ Kc8 31. Qxe6+ Qd7 32. Qxd7+
Kxd7 33. Kf1 Ke6 34. Ke1 Kxe5 35. h4 Kf5 36. Kd2 Kg4 37. Ke3 Kf5 38. Kxf3 d4
39. g4+ Ke5 40. h5 d3 41. Ke3 Kf6 42. Kxd3 Kg5 43. f3 Kh6 44. Ke4 Kg5 45. Ke5
a6 46. f4+ Kh6 47. f5 b5 48. f6 Kg5 49. f7 Kxg4 50. f8=Q Kxh5 51. Qg7 a5 52.
Kf4 a4 53. Qg5# {RoySuvrojita est échec et mat} 1-0

[Event "Champ FRA - Under 12"]
[Site "Europe Echecs"]
[Date "2020.07.08"]
[Round "6"]
[White "PolaertClarenc"]
[Black "LemoalZakarya"]
[Result "0-1"]
[WhiteElo "1280"]
[BlackElo "1134"]
[PlyCount "56"]
[EventDate "2020.??.??"]

1. d4 c6 2. Bf4 d5 3. e3 Bf5 4. c4 e6 5. Nc3 Bd6 6. Bg3 Nf6 7. Nf3 Ne4 8. Bd3
Nxc3 9. bxc3 Bxd3 10. Qxd3 Bxg3 11. hxg3 Nd7 12. c5 b6 13. cxb6 Nxb6 14. Ne5
Qc7 15. Rxh7 Rg8 16. Ke2 f6 17. Qg6+ Kd8 18. Ng4 Nd7 19. Qd3 f5 20. Ne5 Nxe5
21. dxe5 Qxe5 22. Rah1 Rb8 23. Qc2 Qe4 24. Qd2 Qc4+ 25. Qd3 Rb2+ 26. Kf3 Qxd3
27. R7h4 g5 28. Rh7 Qe2# {PolaertClarenc est échec et mat} 0-1

[Event "Champ FRA - Under 12"]
[Site "Europe Echecs"]
[Date "2020.07.08"]
[Round "6"]
[White "SakiMehdi"]
[Black "ChalonLouison"]
[Result "1-0"]
[WhiteElo "1107"]
[BlackElo "1265"]
[PlyCount "41"]
[EventDate "2020.??.??"]

1. e4 e5 2. Nf3 Nc6 3. Nc3 Nf6 4. Bb5 a6 5. Ba4 b5 6. Bb3 Bb4 7. a3 Ba5 8. d3
Nd4 9. Bg5 h6 10. Bh4 g5 11. Bg3 g4 12. Nxe5 Nxb3 13. cxb3 h5 14. Bh4 d6 15.
Nc6 Nxe4 16. Nxd8 Nxc3 17. bxc3 Bxc3+ 18. Ke2 Bxa1 19. Qxa1 Bf5 20. Qxh8+ Kd7
21. Qxh5 {ChalonLouison a abandonné} 1-0

[Event "Champ FRA - Under 12"]
[Site "Europe Echecs"]
[Date "2020.07.08"]
[Round "6"]
[White "NegreMaxime"]
[Black "MenceEline"]
[Result "1/2-1/2"]
[WhiteElo "1105"]
[BlackElo "1264"]
[PlyCount "111"]
[EventDate "2020.??.??"]

1. e4 d5 2. exd5 Qxd5 3. Nc3 Qd6 4. d4 Nf6 5. Nf3 c6 6. Bc4 Bf5 7. O-O e6 8.
Bd3 Bg4 9. h3 Bxf3 10. Qxf3 Qxd4 11. Be3 Qd8 12. Ne4 Nbd7 13. Bg5 Be7 14. Nxf6+
Bxf6 15. Bxf6 Qxf6 16. Qxf6 Nxf6 17. Rad1 O-O 18. Bc4 Rad8 19. Rd3 Rxd3 20.
Bxd3 Rd8 21. Rd1 Kf8 22. Kf1 Ke7 23. Ke2 Nd5 24. g3 Nb4 25. a3 Nxd3 26. cxd3
Kd6 27. Rc1 Kc7 28. Rc4 b5 29. Rg4 g6 30. Rh4 h5 31. Rf4 Rd7 32. Rf6 Kb6 33.
Ke3 Kc5 34. b4+ Kb6 35. g4 hxg4 36. hxg4 a5 37. f4 axb4 38. axb4 c5 39. bxc5+
Kxc5 40. Kd2 Kb4 41. f5 gxf5 42. gxf5 exf5 43. Rxf5 Rb7 44. Kc2 Ka3 45. d4 b4
46. Kb1 b3 47. Rf3 Kb4 48. Kb2 Kc4 49. Rf4 Kd5 50. Rh4 f5 51. Rf4 Kc4 52. Rxf5
Kxd4 53. Rf3 Kc4 54. Rc3+ Kd4 55. Rxb3 Rxb3+ 56. Kxb3 {Aucun joueur n'a le
mat&eacute;riel pour mater} 1/2-1/2

[Event "Champ FRA - Under 12"]
[Site "Europe Echecs"]
[Date "2020.07.08"]
[Round "6"]
[White "CadilhacSeffinL"]
[Black "LinJacky"]
[Result "1-0"]
[WhiteElo "1058"]
[BlackElo "1262"]
[PlyCount "35"]
[EventDate "2020.??.??"]

1. e4 d5 2. exd5 Qxd5 3. Nc3 Nf6 4. Nxd5 Rg8 5. Nxf6+ Kd8 6. Nxg8 Bh3 7. Qe2 g5
8. Qd3+ Ke8 9. Qxh3 h6 10. Bb5+ Kd8 11. Qd3+ Kc8 12. Nxe7+ Bxe7 13. Qe3 Kd8 14.
Qd4+ Kc8 15. Nf3 Ba3 16. Ne5 Na6 17. Qd7+ Kb8 18. Qd8# {LinJacky est échec et
mat} 1-0

[Event "Champ FRA - Under 12"]
[Site "Europe Echecs"]
[Date "2020.07.08"]
[Round "6"]
[White "GuerinSasha"]
[Black "CavillotDelest"]
[Result "0-1"]
[WhiteElo "1236"]
[BlackElo "1063"]
[PlyCount "56"]
[EventDate "2020.??.??"]

1. d4 e6 2. Nc3 c5 3. dxc5 Bxc5 4. e4 Nf6 5. Bf4 Qb6 6. Qd2 Qxb2 7. Rb1 Bxf2+
8. Kxf2 Qxc3 9. Qxc3 Nxe4+ 10. Ke3 Nxc3 11. Rb3 Nd5+ 12. Kf3 Nxf4 13. Kxf4 Nc6
14. Nf3 O-O 15. Bd3 f6 16. Re1 e5+ 17. Kg3 d5 18. h4 e4 19. Bxe4 dxe4 20. Rxe4
f5 21. Rf4 Be6 22. Ng5 Bxb3 23. axb3 h6 24. Ne6 Rfe8 25. Nc7 Re3+ 26. Kh2 Rf8
27. Nd5 Re4 28. Rxe4 fxe4 {GuerinSasha a abandonné} 0-1

[Event "Champ FRA - Under 12"]
[Site "Europe Echecs"]
[Date "2020.07.08"]
[Round "6"]
[White "CaullychurnAmb"]
[Black "GarrigueMahel"]
[Result "1-0"]
[WhiteElo "1051"]
[BlackElo "1212"]
[PlyCount "72"]
[EventDate "2020.??.??"]

1. e4 e5 2. Nf3 Nc6 3. Bc4 Bc5 4. c3 Nf6 5. d4 exd4 6. cxd4 Bb4+ 7. Bd2 Bxd2+
8. Nbxd2 d5 9. exd5 Nxd5 10. Qb3 Be6 11. Qxb7 Nce7 12. O-O Rb8 13. Qxa7 Rxb2
14. Qa4+ Bd7 15. Qa3 Rb8 16. Rfe1 O-O 17. Ne5 Be6 18. Bxd5 Bxd5 19. Nec4 Ra8
20. Qxe7 Qxe7 21. Rxe7 Bxc4 22. Nxc4 Ra4 23. Rxc7 Rb4 24. a4 Rd8 25. a5 h6 26.
Rd1 Ra4 27. d5 Rxd5 28. Nb2 Rxd1+ 29. Nxd1 Rxa5 30. Rc1 Re5 31. Ne3 g6 32. g3
f5 33. Kg2 Kf7 34. Rc7+ Kf6 35. Rc6+ Kg5 36. f4+ Kh5 {GarrigueMahel a
abandonné} 1-0

[Event "Champ FRA - Under 12"]
[Site "Europe Echecs"]
[Date "2020.07.08"]
[Round "6"]
[White "ClaveriePaul"]
[Black "BaciuConstanti"]
[Result "1-0"]
[WhiteElo "1041"]
[BlackElo "1191"]
[PlyCount "65"]
[EventDate "2020.??.??"]

1. e4 e5 2. Nf3 Nc6 3. Bb5 Nf6 4. O-O Bc5 5. h3 O-O 6. Re1 d6 7. c3 a6 8. Ba4
b5 9. Bb3 a5 10. d4 a4 11. Bc2 Ba7 12. Be3 b4 13. Bg5 bxc3 14. bxc3 h6 15. Bh4
Bb6 16. Nbd2 d5 17. exd5 Nxd5 18. Bxd8 Rxd8 19. Be4 Be6 20. Bxd5 Bxd5 21. Nxe5
Nxe5 22. Rxe5 Bb7 23. Nc4 Ba7 24. Rb1 Rab8 25. Qxa4 Bc6 26. Qxa7 Rxb1+ 27. Kh2
Rc1 28. Qxc7 Ra8 29. Qxc6 Rxa2 30. Qe4 g6 31. Re8+ Kg7 32. Qe5+ f6 33. Qe7# {
BaciuConstanti est échec et mat} 1-0

[Event "Champ FRA - Under 12"]
[Site "Europe Echecs"]
[Date "2020.07.08"]
[Round "6"]
[White "BuchlinAlexis"]
[Black "BernardelliTho"]
[Result "1-0"]
[WhiteElo "1191"]
[BlackElo "1079"]
[PlyCount "95"]
[EventDate "2020.??.??"]

1. e4 d5 2. Nf3 dxe4 3. Ng1 Nf6 4. Nc3 Nc6 5. f3 exf3 6. Nxf3 Bg4 7. Bc4 e5 8.
d3 Bc5 9. Bg5 Qd4 10. Nxd4 Bxd1 11. Rxd1 exd4 12. Nb5 Kf8 13. a3 Re8+ 14. Kf2
Ng4+ 15. Kg3 f5 16. Nxc7 Rc8 17. Ne6+ Kf7 18. Nxc5+ Kg6 19. Kf4 Rhe8 20. Rde1
h6 21. Bh4 Kh5 22. Rxe8 Rxe8 23. Re1 Rxe1 24. Bxe1 g5+ 25. Kf3 Nxh2+ 26. Kg3
Ng4 27. Bd5 Nce5 28. Bf3 Nxf3 29. gxf3 Ne3 30. c3 f4+ 31. Kf2 Nd1+ 32. Kg2 Nxb2
33. cxd4 g4 34. fxg4+ Kxg4 35. d5 Nd1 36. d6 Ne3+ 37. Kf2 Nd1+ 38. Kg1 f3 39.
d7 h5 40. d8=Q f2+ 41. Bxf2 Nc3 42. Qd4+ Kf5 43. Qxc3 h4 44. Bxh4 Kg4 45. Kg2
Kxh4 46. Qg7 Kh5 47. Kf3 Kh4 48. Qg4# {BernardelliTho est échec et mat} 1-0

[Event "Champ FRA - Under 12"]
[Site "Europe Echecs"]
[Date "2020.07.08"]
[Round "6"]
[White "PerezRaphael"]
[Black "SamorukovEgor"]
[Result "0-1"]
[WhiteElo "1190"]
[BlackElo "1060"]
[PlyCount "60"]
[EventDate "2020.??.??"]

1. e4 c5 2. Nf3 e6 3. d4 cxd4 4. Nxd4 Nf6 5. Nc3 Bb4 6. e5 Nd5 7. Bd2 Qa5 8.
Nde2 Nc6 9. a3 Bxc3 10. Bxc3 Nxc3 11. Nxc3 Nxe5 12. Qh5 Nd3+ 13. Bxd3 Qxh5 14.
O-O O-O 15. Nb5 d5 16. Nc7 Rb8 17. Nb5 e5 18. Nxa7 e4 19. Bb5 Ra8 20. Nxc8
Rfxc8 21. Rad1 d4 22. Rxd4 Qxb5 23. Rxe4 Rxc2 24. Rfe1 Rxb2 25. a4 Qc6 26. a5
Qxe4 27. Rd1 Re2 28. f3 Re1+ 29. Kf2 Qe3+ 30. Kg3 Rxd1 {PerezRaphael a
abandonné} 0-1

[Event "Champ FRA - Under 12"]
[Site "Europe Echecs"]
[Date "2020.07.08"]
[Round "6"]
[White "BouvierMenardB"]
[Black "RenaudinThibau"]
[Result "1-0"]
[WhiteElo "1034"]
[BlackElo "1190"]
[PlyCount "73"]
[EventDate "2020.??.??"]

1. e4 Nf6 2. Nc3 d5 3. exd5 Nxd5 4. Bc4 Nb6 5. Bb3 Nc6 6. Nf3 Bg4 7. O-O g6 8.
d3 Bg7 9. Bf4 O-O 10. h3 Bxf3 11. Qxf3 Bxc3 12. bxc3 e5 13. Bg3 a5 14. Rfe1 Qe7
15. Bd5 Nxd5 16. Qxd5 Rfe8 17. d4 Rad8 18. Qe4 f6 19. dxe5 fxe5 20. Re2 Qe6 21.
a4 Rd5 22. Rb1 b6 23. Bh2 Red8 24. f4 Re8 25. Kf2 Kf7 26. Rbe1 Kf6 27. fxe5+
Nxe5 28. Qf4+ Qf5 29. Qxf5+ Kxf5 30. g4+ Ke6 31. Rxe5+ Rxe5 32. Rxe5+ Kf7 33.
Rxe8 Kxe8 34. Bxc7 Kf7 35. Bxb6 Kf6 36. Bxa5 Kg5 37. Kg3 {RenaudinThibau a
abandonné} 1-0

[Event "Champ FRA - Under 12"]
[Site "Europe Echecs"]
[Date "2020.07.08"]
[Round "6"]
[White "DebiasSaidCypr"]
[Black "KurenkovAnton"]
[Result "0-1"]
[WhiteElo "1180"]
[BlackElo "1056"]
[PlyCount "32"]
[EventDate "2020.??.??"]

1. e4 e5 2. Nf3 Nc6 3. Bc4 Nf6 4. c3 a6 5. Ng5 d5 6. exd5 Nxd5 7. d4 exd4 8.
Bxd5 Qxd5 9. cxd4 Qxg2 10. Rf1 Bb4+ 11. Nc3 Bxc3+ 12. bxc3 Bg4 13. Qb3 O-O-O
14. Nxf7 Qe4+ 15. Be3 Qd3 16. Nxh8 Qe2# {DebiasSaidCypr est échec et mat} 0-1

[Event "Champ FRA - Under 12"]
[Site "Europe Echecs"]
[Date "2020.07.08"]
[Round "6"]
[White "LeCamRaphael"]
[Black "EbelePierre"]
[Result "1-0"]
[WhiteElo "1180"]
[BlackElo "1053"]
[PlyCount "111"]
[EventDate "2020.??.??"]

1. d4 d5 2. e3 Nc6 3. Nf3 e5 4. Nc3 e4 5. Nd2 Nf6 6. Bb5 Bd7 7. Nb3 Bb4 8. Bd2
O-O 9. Ne2 Bxd2+ 10. Qxd2 Qe7 11. O-O-O Rad8 12. Bxc6 Bxc6 13. Nf4 Rfe8 14.
Rhe1 h6 15. Qe2 g5 16. Nh5 a6 17. Nxf6+ Qxf6 18. Nc5 a5 19. Qd2 b6 20. Nb3 a4
21. Na1 b5 22. c3 Bb7 23. Nc2 Qb6 24. Qe2 Ba6 25. Qd2 Rd7 26. Nb4 Red8 27. Qe2
c5 28. dxc5 Qa7 29. c6 Rc7 30. Nxd5 Qc5 31. Nxc7 Rxd1+ 32. Rxd1 Qxc6 33. Nxa6
Qxa6 34. Rd8+ Kg7 35. Rb8 Qc6 36. Qxb5 Qc7 37. Rb7 Qxh2 38. Qxa4 Qxg2 39. Qd4+
Kg6 40. Rb6+ Kh5 41. Qd2 Qf1+ 42. Qd1+ Qxd1+ 43. Kxd1 g4 44. a4 Kh4 45. a5 Kh3
46. Ke2 f5 47. a6 f4 48. exf4 h5 49. a7 g3 50. fxg3 Kxg3 51. a8=Q h4 52. Qxe4
h3 53. Qh1 h2 54. Rg6+ Kh3 55. Rg2 Kh4 56. Qxh2# {EbelePierre est échec et mat
} 1-0

[Event "Champ FRA - Under 12"]
[Site "Europe Echecs"]
[Date "2020.07.08"]
[Round "6"]
[White "TrimbitasuElya"]
[Black "DeMouraChloe"]
[Result "1-0"]
[WhiteElo "1175"]
[BlackElo "1049"]
[PlyCount "73"]
[EventDate "2020.??.??"]

1. e4 e5 2. Nf3 Nc6 3. Bb5 d6 4. d4 exd4 5. Nxd4 Bd7 6. Bxc6 Bxc6 7. Nxc6 bxc6
8. Nc3 Nf6 9. Bg5 Be7 10. O-O O-O 11. Re1 Re8 12. Bxf6 Bxf6 13. Qd3 d5 14. Rab1
Qd6 15. exd5 Rxe1+ 16. Rxe1 cxd5 17. Qxd5 Qf8 18. Na4 Rd8 19. Qc5 Bd4 20. Qxf8+
Kxf8 21. g3 a6 22. Nc3 Ba7 23. Rd1 Re8 24. Nd5 Rd8 25. Ne3 Re8 26. Nd5 Rd8 27.
Nc3 Rc8 28. Kg2 c6 29. Rd7 Bc5 30. Ne4 Bb4 31. c3 Ba5 32. Ra7 Bb6 33. Rxf7+
Kxf7 34. Nd6+ Ke7 35. Nxc8+ Kd7 36. Nxb6+ Kc7 37. Nc4 {DeMouraChloe a
abandonné} 1-0

[Event "Champ FRA - Under 12"]
[Site "Europe Echecs"]
[Date "2020.07.08"]
[Round "6"]
[White "RosamelManua"]
[Black "MullerLouisEti"]
[Result "1-0"]
[WhiteElo "1170"]
[BlackElo "1030"]
[PlyCount "85"]
[EventDate "2020.??.??"]

1. e4 d5 2. exd5 Nf6 3. Nc3 e6 4. dxe6 Bxe6 5. Nf3 Bd6 6. Bd3 Qe7 7. O-O Nc6 8.
Re1 O-O-O 9. Bf5 g6 10. Bxe6+ fxe6 11. Ng5 Qg7 12. Nxe6 Qh6 13. h3 Nd4 14. Nxd8
Qf4 15. g3 Qf5 16. Nf7 Rf8 17. Nxd6+ cxd6 18. Kg2 Qe4+ 19. Nxe4 Nxe4 20. Rxe4
Nc6 21. Rc4 d5 22. Qg4+ Kb8 23. Rxc6 d4 24. Qxd4 Rf7 25. Rxg6 hxg6 26. Qd6+ Kc8
27. Qe6+ Rd7 28. Qe8+ Rd8 29. Qxg6 Kc7 30. d3 Rd6 31. Bf4 Kd7 32. Qxd6+ Kc8 33.
Qe7 a6 34. Qxb7+ Kxb7 35. h4 Kc8 36. h5 Kd7 37. h6 Ke8 38. h7 Kf8 39. h8=Q+ Kf7
40. Qa8 Kf6 41. Qxa6+ Kf5 42. Qf6+ Kg4 43. Qg5# {MullerLouisEti est échec et
mat} 1-0

[Event "Champ FRA - Under 12"]
[Site "Europe Echecs"]
[Date "2020.07.08"]
[Round "6"]
[White "KerjeanLohan"]
[Black "HamdadMounir"]
[Result "0-1"]
[WhiteElo "1008"]
[BlackElo "1167"]
[PlyCount "56"]
[EventDate "2020.??.??"]

1. e4 e5 2. Nf3 Nc6 3. Nc3 Bb4 4. Bc4 Nf6 5. O-O d6 6. Bd5 Ne7 7. Bc4 Ng6 8.
Ng5 O-O 9. a3 Bxc3 10. bxc3 h6 11. Nf3 Nxe4 12. Bd3 Nf6 13. Bxg6 fxg6 14. d4
exd4 15. cxd4 Bg4 16. Qd3 Bf5 17. Qd2 Ne4 18. Qe3 Qf6 19. Bb2 Rae8 20. Qf4 g5
21. Qc1 Bg4 22. d5 Qf7 23. Nd2 Nxd2 24. Qxd2 Re2 25. Qd4 Bd7 26. Rfe1 Rxf2 27.
Rf1 Rxf1+ 28. Rxf1 Qxf1# {KerjeanLohan est échec et mat} 0-1

[Event "Champ FRA - Under 12"]
[Site "Europe Echecs"]
[Date "2020.07.08"]
[Round "6"]
[White "LedjamAlbin"]
[Black "DuportailIdris"]
[Result "1-0"]
[WhiteElo "1165"]
[BlackElo "960"]
[PlyCount "67"]
[EventDate "2020.??.??"]

1. Nf3 d5 2. c4 Nf6 3. cxd5 Nxd5 4. d4 Nc6 5. e4 Nf6 6. Nc3 Bg4 7. d5 Bxf3 8.
gxf3 Ne5 9. Bb5+ c6 10. dxc6 Qc7 11. Bf4 Rd8 12. Qa4 Nxf3+ 13. Kf1 e5 14. cxb7+
Nd7 15. Bxd7+ Rxd7 16. Qxd7+ Qxd7 17. b8=Q+ Qd8 18. Qxd8+ Kxd8 19. Be3 Be7 20.
Rd1+ Kc8 21. Ke2 Ng5 22. Bxg5 Bxg5 23. Rhg1 f6 24. Nb5 a6 25. Rc1+ Kb8 26. Nc3
Rd8 27. Rcd1 Rc8 28. Rg3 Rc4 29. Rgd3 f5 30. Rd8+ Bxd8 31. Rxd8+ Kc7 32. Rd3
fxe4 33. Re3 Rb4 34. Nd5+ {DuportailIdris a abandonné} 1-0

[Event "Champ FRA - Under 12"]
[Site "Europe Echecs"]
[Date "2020.07.08"]
[Round "6"]
[White "BernardiAlexan"]
[Black "LoszycerSasha"]
[Result "1-0"]
[WhiteElo "999"]
[BlackElo "1162"]
[PlyCount "79"]
[EventDate "2020.??.??"]

1. e4 d6 2. d4 g6 3. Nc3 Bg7 4. Nf3 Nc6 5. d5 Ne5 6. Nxe5 Bxe5 7. Bd2 e6 8.
Bb5+ Bd7 9. Bxd7+ Qxd7 10. O-O exd5 11. exd5 Ne7 12. Re1 O-O 13. Bh6 Bg7 14.
Bg5 Nf5 15. Qf3 Nd4 16. Qd3 c5 17. Re7 Qc8 18. Be3 Nf5 19. Re4 Nxe3 20. Qxe3
Re8 21. Rxe8+ Qxe8 22. Qd2 Qe7 23. g3 Re8 24. a3 Bxc3 25. Qxc3 Qe4 26. Qd3 Qe5
27. c3 b6 28. b4 cxb4 29. axb4 a5 30. bxa5 bxa5 31. Rxa5 Rc8 32. Ra3 Rc5 33. c4
Kf8 34. Ra2 Qe1+ 35. Kg2 Qc1 36. Rc2 Qb1 37. Kf3 Ke7 38. Re2+ Kd7 39. Qxb1 Rxc4
40. Qb5+ {LoszycerSasha a abandonné} 1-0

[Event "Champ FRA - Under 12"]
[Site "Europe Echecs"]
[Date "2020.07.08"]
[Round "6"]
[White "BriguetRemi"]
[Black "BaronSacha"]
[Result "1-0"]
[WhiteElo "1160"]
[BlackElo "799"]
[PlyCount "71"]
[EventDate "2020.??.??"]

1. e4 e5 2. Nf3 Bc5 3. Nxe5 Qf6 4. Nf3 g5 5. Bc4 g4 6. e5 Qf5 7. O-O gxf3 8.
Qxf3 Qxe5 9. Qxf7+ Kd8 10. Nc3 Bd6 11. g3 b6 12. Bd5 Nh6 13. Qf3 Rg8 14. Bxa8
Ng4 15. Qf7 Rg6 16. Qxh7 Qg5 17. Ne4 Qf5 18. Nxd6 Rg7 19. Qh8+ Ke7 20. Nxf5+
Ke6 21. Nxg7+ Ke5 22. Qxc8 Nc6 23. Qxc7+ Ke4 24. Bxc6+ Kd4 25. Qxd7+ Ke5 26.
Qxg4 b5 27. Re1+ Kd6 28. Re3 a5 29. Qd4+ Kc7 30. Bxb5 a4 31. Rc3+ Kb7 32. Bxa4
Ka6 33. Rb3 Ka5 34. Qb4+ Ka6 35. Be8 Ka7 36. Qa4# {BaronSacha est échec et mat
} 1-0

[Event "Champ FRA - Under 12"]
[Site "Europe Echecs"]
[Date "2020.07.08"]
[Round "6"]
[White "DumasGustave"]
[Black "PoyetClemence"]
[Result "1-0"]
[WhiteElo "999"]
[BlackElo "1160"]
[PlyCount "101"]
[EventDate "2020.??.??"]

1. c4 e5 2. g3 Nf6 3. Bg2 Nc6 4. e4 d6 5. Ne2 Bg4 6. O-O Nd4 7. f3 Be6 8. d3
Be7 9. Nbc3 O-O 10. Be3 Nxe2+ 11. Qxe2 d5 12. cxd5 Bd7 13. Qf2 Bb4 14. Bxa7 Qe7
15. Be3 Ra5 16. a3 Bc5 17. b4 Bxe3 18. Qxe3 Ra6 19. b5 Rb6 20. a4 Rd6 21. Qc5
b6 22. Qxc7 h6 23. Qc4 Bc8 24. d4 exd4 25. Qxd4 Nd7 26. e5 Rg6 27. Rfe1 Nc5 28.
d6 Qe6 29. Nd5 Nb3 30. Qe4 Nxa1 31. Ne7+ Kh8 32. Nxg6+ fxg6 33. Rxa1 Rf7 34. a5
bxa5 35. Rxa5 Bb7 36. Qd4 Bc8 37. b6 Rb7 38. Ra8 h5 39. f4 Qd7 40. Bxb7 Kh7 41.
Bxc8 Qb5 42. b7 Qb1+ 43. Kg2 Qc2+ 44. Kh3 Qf5+ 45. Bxf5 gxf5 46. b8=Q Kh6 47.
Qh8+ Kg6 48. d7 h4 49. Ra6+ Kf7 50. Qd5+ Ke7 51. d8=B# {PoyetClemence est
échec et mat} 1-0

[Event "Champ FRA - Under 12"]
[Site "Europe Echecs"]
[Date "2020.07.08"]
[Round "6"]
[White "VandenbusscheT"]
[Black "DemaimayOscar"]
[Result "1-0"]
[WhiteElo "999"]
[BlackElo "1141"]
[PlyCount "147"]
[EventDate "2020.??.??"]

1. d4 e6 2. e4 c5 3. d5 Qe7 4. dxe6 Qxe6 5. Bb5 Qxe4+ 6. Ne2 Qxg2 7. Nf4 Qxh1+
8. Ke2 Qxd1+ 9. Kxd1 Nf6 10. Be3 Be7 11. Nc3 O-O 12. Kd2 a6 13. Bc4 b5 14. Bd3
b4 15. Ncd5 Nxd5 16. Nxd5 Bb7 17. Nxe7+ Kh8 18. Rg1 g6 19. Rg4 Re8 20. Nxg6+
Kg8 21. Ne7+ Kf8 22. Bh6+ Kxe7 23. Bg5+ f6 24. Bf4 Bf3 25. Rg7+ Kf8 26. Rxh7
Nc6 27. Bc4 d5 28. Bd6+ Ne7 29. Bd3 c4 30. Bg6 Rad8 31. Bxe8 Kxe8 32. Bxe7 Rd7
33. Ke3 Be4 34. Rg7 Rxe7 35. Rxe7+ Kxe7 36. h4 b3 37. cxb3 cxb3 38. axb3 Kd6
39. h5 Kc5 40. h6 Kb4 41. Kf4 Kxb3 42. f3 Bg6 43. Kg4 Kxb2 44. f4 f5+ 45. Kg5
Bh7 46. Kf6 d4 47. Kg7 d3 48. Kxh7 d2 49. Kg7 d1=Q 50. h7 Qd7+ 51. Kg8 Qe6+ 52.
Kg7 Qe7+ 53. Kg8 a5 54. h8=Q+ Kb3 55. Qh3+ Kb2 56. Qxf5 Qd8+ 57. Kg7 Qd4+ 58.
Kg6 Qd6+ 59. Kg5 a4 60. Qa5 Qb4 61. Qxb4+ Ka2 62. Qxa4+ Kb2 63. Qe8 Kc3 64. f5
Kd4 65. f6 Kd5 66. f7 Kd6 67. f8=Q+ Kc7 68. Qff7+ Kd6 69. Qee6+ Kc5 70. Qff5+
Kd4 71. Qee4+ Kc3 72. Qff3+ Kd2 73. Qee2+ Kc1 74. Qff1# {DemaimayOscar est
échec et mat} 1-0

[Event "Champ FRA - Under 12"]
[Site "Europe Echecs"]
[Date "2020.07.08"]
[Round "6"]
[White "BollengierRoma"]
[Black "LucaseudelineA"]
[Result "1-0"]
[WhiteElo "1484"]
[BlackElo "1167"]
[PlyCount "73"]
[EventDate "2020.??.??"]

1. e4 c5 2. Nf3 Nf6 3. Nc3 Nc6 4. d4 cxd4 5. Nxd4 e6 6. Be3 Bb4 7. f3 O-O 8.
Be2 d5 9. O-O Bxc3 10. bxc3 dxe4 11. Nxc6 bxc6 12. fxe4 Nxe4 13. Bf3 Qxd1 14.
Raxd1 Nxc3 15. Rd3 Nd5 16. Bc5 Re8 17. c4 Ba6 18. Ra3 Bxc4 19. Rc1 Rec8 20.
Rxc4 Rab8 21. Rxa7 Rb1+ 22. Kf2 Rb2+ 23. Kg3 f5 24. Bxd5 exd5 25. Rf4 Rc2 26.
Bd6 Rd8 27. Bc7 Rc8 28. Rxf5 Rc3+ 29. Rf3 Rc1 30. Bd6 c5 31. Rff7 Rc3+ 32. Kh4
Rc4+ 33. Kh3 Rc3+ 34. g3 g5 35. Rg7+ Kh8 36. Rxh7+ Kg8 37. Rag7# {
LucaseudelineA est échec et mat} 1-0

[Event "Champ FRA - Under 12"]
[Site "Europe Echecs"]
[Date "2020.07.08"]
[Round "6"]
[White "AymericElijah"]
[Black "MechoulanDanie"]
[Result "0-1"]
[WhiteElo "1450"]
[BlackElo "1140"]
[PlyCount "90"]
[EventDate "2020.??.??"]

1. e4 d5 2. exd5 Qxd5 3. Nc3 Qa5 4. d4 c6 5. Bd2 Qc7 6. Nf3 Nf6 7. Bc4 Nbd7 8.
O-O e5 9. dxe5 Nxe5 10. Re1 Bd6 11. Nxe5 Bxe5 12. Bf4 Nd7 13. Bxe5 Nxe5 14. Qd4
f6 15. f4 b5 16. Bb3 Qb6 17. Qxb6 axb6 18. fxe5 fxe5 19. Rxe5+ Kf8 20. Rf1+ Bf5
21. Re8+ Kxe8 22. Rxf5 g6 23. Re5+ Kf8 24. Re6 c5 25. Rxb6 c4 26. Rxb5 cxb3 27.
Rxb3 Rc8 28. Rb4 Kg7 29. Nd5 Rxc2 30. Rb7+ Kf8 31. Nf6 Rc1+ 32. Kf2 Rc2+ 33.
Ke1 Rxg2 34. Kf1 Rxh2 35. Kg1 Re2 36. Nxh7+ Kg8 37. Nf6+ Kf8 38. Rb8+ Kg7 39.
Rb6 Re7 40. a4 Ra7 41. b3 Rf8 42. Ne4 Re7 43. Nd6 Rf6 44. a5 Ree6 45. Ne8+ Rxe8
{AymericElijah a abandonné} 0-1